Lột trần Việt ngữ

Αποθηκεύτηκε σε:
Λεπτομέρειες βιβλιογραφικής εγγραφής
Κύριος συγγραφέας: Bình Nguyên Lộc
Μορφή: Βιβλίο
Γλώσσα:Undetermined
Έκδοση: Sài Gòn Nguồn Xưa 1970
Θέματα:
Ετικέτες: Προσθήκη ετικέτας
Δεν υπάρχουν, Καταχωρήστε ετικέτα πρώτοι!
Thư viện lưu trữ: Trung tâm Học liệu Trường Đại học Cần Thơ
LEADER 00503nam a2200181Ia 4500
001 CTU_966
008 210402s9999 xx 000 0 und d
082 |a 495.922 
082 |b L811 
100 |a Bình Nguyên Lộc 
245 0 |a Lột trần Việt ngữ 
245 0 |c Bình Nguyên Lộc 
260 |a Sài Gòn 
260 |b Nguồn Xưa 
260 |c 1970 
650 |a vietnamese language 
904 |i Minh, 960808 
980 |a Trung tâm Học liệu Trường Đại học Cần Thơ